Score 0/20 Timer 05:00
1 Play Today
Scramble Woman's Name/Song Title % Correct
IIRSIris
96.1%
ALLOLola
94.8%
AARSSara
94.1%
ADNNODonna
85%
AADINDiana
79.9%
BNRYBryn
79.1%
AENNORXRoxanne
75.8%
AAJNNOJoanna
75.7%
ACCEIILCecilia
73.1%
EEGGPSUY*Peggy Sue
71.9%
Scramble Woman's Name/Song Title % Correct
CEILLLULucille
71.7%
AAADMNAmanda
70.1%
AALLYLayla
67.7%
AAAABBNNRR*Barbara Ann
66.4%
AAEGGIMMY*Maggie May
65.4%
AGILORGloria
63.2%
AANNORSRosanna
51.1%
AEGINAngie
50.7%
ACEINORVVeronica
48.6%
AHINNNORRhiannon
42.4%
Remove Ads.
Support Sporcle.
Get the best of Sporcle when you Go Orange. This ad-free experience offers more features, more stats, and more fun while also helping to support Sporcle. Thank you for becoming a member.

You're not logged in!

Compare scores with friends on all Sporcle quizzes.
OR
Log In

Show Comments

Extras

Top Quizzes Today


Score Distribution

Your Account Isn't Verified!

In order to create a playlist on Sporcle, you need to verify the email address you used during registration. Go to your Sporcle Settings to finish the process.

Report this User

Report this user for behavior that violates our Community Guidelines.

Details: